Línia ... životného štýlu z celého sveta
| New Title: | Línia pre pekné bývanie |
|---|---|
| Format: | Journal |
| Language: | Slovak |
| PhysicalDescription: | 28 zv. 28-33 cm |
| Published: |
Bratislava
Pressfoto
1968-1995
Bratislava Slovakopres Bratislava ČSTK-Pressfoto [Bratislava] Ministerstvo obchodu SSR Bratislava Ministerstvo obchodu a cestovného ruchu SSR Bratislava Nezávislosť Bratislava Fitr Juven |
| ISSN: | 0323-1194 1335-1699 |
| Subjects: |
MARC
| LEADER | 00000cas a2200000 a 4500 | ||
|---|---|---|---|
| 001 | vtls001390953 | ||
| 003 | SK-MaSNL | ||
| 005 | 20260228160552.0 | ||
| 008 | 190703d19681995xo qr|p 0 0b0slo | ||
| 022 | |a 0323-1194 | ||
| 035 | |a SNK000345227 | ||
| 040 | |a SNK |b slo |c SNK |e AACR2 | ||
| 041 | 0 | |a slo | |
| 044 | |a xo |c SK | ||
| 072 | 7 | |a 365 |x Požiadavky na bývanie a ich uspokojovanie |2 konspekt | |
| 072 | 7 | |a 72 |x Architektúra |2 konspekt | |
| 072 | 7 | |a 643 |x Byt. Miestnosti. Vybavenie bytu |2 konspekt | |
| 080 | |a 365 |2 2011 | ||
| 080 | |a 643:72.012.8 |2 2011 | ||
| 080 | |a 316.728 |2 2011 | ||
| 080 | |a 050 |2 2011 | ||
| 080 | |a 72.012 |2 2011 | ||
| 084 | |a Index 6/25 |2 mksr | ||
| 210 | 0 | |a Línia |b (Bratisl.,1967) | |
| 222 | 0 | |a Línia |b (Bratislava, 1967) | |
| 245 | 0 | 0 | |a Línia ... životného štýlu z celého sveta |
| 246 | 3 | 3 | |a Línia |b časopis pre estetiku životného prostredia |f č.1/1973-1992 |
| 246 | 3 | 3 | |a Línia |b časopis pre celú rodinu |f č. 1/1993-č.2/1993 |
| 246 | 3 | 3 | |a Línia životného štýlu |f č. 3/1993-č. 4/1995 |
| 246 | 3 | 4 | |a Línia ... |
| 260 | |a Bratislava |b Pressfoto |c 1968-1995 | ||
| 260 | 2 | |3 1/1970-1972 |a Bratislava |b Slovakopres | |
| 260 | 2 | |3 1973 |a Bratislava |b ČSTK-Pressfoto | |
| 260 | 2 | |3 1/1974-1988 |a [Bratislava] |b Ministerstvo obchodu SSR | |
| 260 | 2 | |3 1/1989-1991 |a Bratislava |b Ministerstvo obchodu a cestovného ruchu SSR | |
| 260 | 2 | |3 1/1992-3/1994 |a Bratislava |b Nezávislosť | |
| 260 | 3 | |3 4/1994-4/1995 |a Bratislava |b Fitr Juven | |
| 300 | |a 28 zv. |c 28-33 cm | ||
| 310 | |a 4x ročne | ||
| 362 | 0 | |a Zima (1968)-roč. 28, č. 4 (1995) | |
| 500 | |a Redaktori sa menia | ||
| 500 | |a Podnázvy sa menia | ||
| 500 | |a Súčasťou názvu koncové dvojčíslie kalendárneho roku | ||
| 650 | 0 | 7 | |a bývanie |2 SNKPH |9 1991 |
| 650 | 0 | 7 | |a bytové interiéry |2 SNKPH |9 2954 |
| 650 | 0 | 7 | |a životný štýl |2 SNKPH |9 1704 |
| 650 | 0 | 7 | |a architektonický dizajn |2 SNKPH |9 763 |
| 655 | 7 | |a časopisy pre voľný čas |2 SNKPH |9 70337 | |
| 785 | 0 | 0 | |t Línia pre pekné bývanie |x 1335-1699 |w vtls001467134 |
| 910 | |a snk | ||
| 999 | |c 2999 |d 4929 | ||
| 952 | |0 0 |1 0 |4 0 |7 0 |a SNK |b SNK |d 2009-03-09 |i snkČSP 570/98 |l 0 |o snkČSB 1711/27/1994 D1 |p 17A0614978 |r 2026-02-21 19:30:47 |t č. 1-4 + 2 príl. |w 2026-02-21 |y PREZ |z Prílohy: č. 1 Línia extra l ; č. 2 Línia extra 2 | ||
| 952 | |0 0 |1 0 |4 0 |7 0 |a SNK |b SNK |d 2011-03-14 |i snkČSP 99/75 |l 0 |o snkČSB 1711/7/1984 D1 |p 17A0693778 |r 2026-02-21 19:32:40 |t č. 1-4 |w 2026-02-21 |y PREZ | ||
| 952 | |0 0 |1 0 |4 0 |7 0 |a SNK |b SNK |d 2000-06-16 |i snkČSP 569/98 |l 0 |o snkČSB 1711/27/1994 |p 17A0243708 |r 2005-01-02 00:00:00 |t č. 1-4 + 2 príl. |w 2026-02-21 |y PREZ |z Prílohy: č. 1 Línia extra 1 ; č. 2 Línia extra 2 | ||
| 952 | |0 0 |1 0 |4 0 |7 0 |a SNK |b SNK |d 2000-06-16 |i snkČSP 3161/94 |l 0 |o snkČSB 1711/26/1993 |p 17A0243711 |r 2005-01-02 00:00:00 |t č. 1-4 |w 2026-02-21 |y PREZ | ||
| 952 | |0 0 |1 0 |4 0 |7 0 |a SNK |b SNK |d 2000-06-16 |i snkČSP 3332/93 |l 0 |o snkČSB 1711/25/1992 |p 17A0243794 |r 2005-01-02 00:00:00 |t č. 1-4 |w 2026-02-21 |y PREZ | ||
| 952 | |0 0 |1 0 |4 0 |7 0 |a SNK |b SNK |d 2000-06-16 |i snkČSP 3780/91 |l 0 |o snkČSB 1711/23/1990 |p 17A0243773 |r 2005-01-02 00:00:00 |t č. 1-4 |w 2026-02-21 |y PREZ | ||
| 952 | |0 0 |1 0 |4 0 |7 0 |a SNK |b SNK |d 2006-02-28 |i snkČSP 573/85 |l 0 |o snkČSB 1711/17/1984 |p 17A0498607 |r 2026-02-21 19:47:00 |t č. 1-4 |w 2026-02-21 |y PREZ | ||
| 952 | |0 0 |1 0 |4 0 |7 0 |a SNK |b SNK |d 2011-03-14 |i snkČSP 437/76 |l 0 |o snkČSB 1711/8/1975 D1 |p 17A0693805 |r 2026-02-21 19:56:44 |t č. 1-4 |w 2026-02-21 |y PREZ | ||
| 952 | |0 0 |1 0 |4 0 |7 0 |a SNK |b SNK |d 2011-03-14 |i snkČSP 656/80 |l 0 |o snkČSB 1711/12/1979 D1 |p 17A0693777 |r 2026-02-21 19:56:44 |t č. 1-4 |w 2026-02-21 |y PREZ | ||
| 952 | |0 0 |1 0 |4 0 |7 0 |a SNK |b SNK |d 2011-03-14 |i snkČSP 504/78 |l 0 |o snkČSB 1711/11/1978 D1 |p 17A0693776 |r 2026-02-21 19:56:45 |t č. 1-4 |w 2026-02-21 |y PREZ | ||
| 952 | |0 0 |1 0 |4 0 |7 0 |a SNK |b SNK |d 2011-03-14 |i snkČSP 246/74 |l 0 |o snkČSB 1711/1972 D1 |p 17A0693803 |r 2026-02-21 19:56:45 |t č. 1-4 |w 2026-02-21 |y PREZ | ||
| 952 | |0 0 |1 0 |4 0 |7 0 |a SNK |b SNK |d 2011-03-14 |i snkČSP 930/83 |l 0 |o snkČSB 1711/15/1982 |p 17A0693802 |r 2026-02-21 19:56:45 |t č. 1-4 |w 2026-02-21 |y PREZ | ||
| 952 | |0 0 |1 0 |4 0 |7 0 |a SNK |b SNK |d 2011-03-14 |i snkČSP 759/74 |l 0 |o snkČSB 1711/1973 D1 |p 17A0693800 |r 2026-02-21 19:56:45 |t č. 1-4 |w 2026-02-21 |y PREZ | ||
| 952 | |0 0 |1 0 |4 0 |7 0 |a SNK |b SNK |d 2011-03-14 |i snkČSP 1826/88 |l 0 |o snkČSB 1711/20/1987 D1 |p 17A0693832 |r 2026-02-21 19:56:45 |t č. 1-4 |w 2026-02-21 |y PREZ | ||
| 952 | |0 0 |1 0 |4 0 |7 0 |a SNK |b SNK |d 2011-03-14 |i snkČSP 463/72 |l 0 |o snkČSB 1711/1970 D1 |p 17A0693799 |r 2026-02-21 19:56:45 |t č. 1-4 |w 2026-02-21 |y PREZ | ||
| 952 | |0 0 |1 0 |4 0 |7 0 |a SNK |b SNK |d 2011-03-14 |i snkČSP 572/98 |l 0 |o snkČSB 1711/28/1995/1 D1 |p 17A0693831 |r 2026-02-21 19:56:45 |t č. 1-4 |w 2026-02-21 |y PREZ |z Zviazané s č. 5, ktoré má názov Línia pre pekné bývanie ; evidované pod sysnom 1467134 ; signatúra snkČSB 1711/28/1995/2 | ||
| 952 | |0 0 |1 0 |4 0 |7 0 |a SNK |b SNK |d 2011-03-14 |i snkČSP 3162/94 |l 0 |o snkČSB 1711/26/1993 D1 |p 17A0693829 |r 2026-02-21 19:56:45 |t č. 1-4 |w 2026-02-21 |y PREZ | ||
| 952 | |0 0 |1 0 |4 0 |7 0 |a SNK |b SNK |d 2011-03-14 |i snkČSP 3333/93 |l 0 |o snkČSB 1711/25/1992 D1 |p 17A0693828 |r 2026-02-21 19:56:45 |t č. 1-4 |w 2026-02-21 |y PREZ | ||
| 952 | |0 0 |1 0 |4 0 |7 0 |a SNK |b SNK |d 2011-03-14 |i snkČSP 2467/92 |l 0 |o snkČSB 1711/24/1991 D1 |p 17A0693865 |r 2026-02-21 19:56:45 |t č. 1-4 |w 2026-02-21 |y PREZ | ||
| 952 | |0 0 |1 0 |4 0 |7 0 |a SNK |b SNK |d 2011-03-14 |i snkČSP 2092/86 |l 0 |o snkČSB 1711/18/1985 D1 |p 17A0693864 |r 2026-02-21 19:56:45 |t č. 1-4 |w 2026-02-21 |y PREZ | ||
| 952 | |0 0 |1 0 |4 0 |7 0 |a SNK |b SNK |d 2011-03-14 |i snkČSP 2692/87 |l 0 |o snkČSB 1711/19/1986 D1 |p 17A0693863 |r 2026-02-21 19:56:45 |t č. 1-4 |w 2026-02-21 |y PREZ | ||
| 952 | |0 0 |1 0 |4 0 |7 0 |a SNK |b SNK |d 2011-03-14 |i snkČSP 2802/90 |l 0 |o snkČSB 1711/22/1989 D1 |p 17A0693862 |r 2026-02-21 19:56:45 |t č. 1-4 |w 2026-02-21 |y PREZ | ||
| 952 | |0 0 |1 0 |4 0 |7 0 |a SNK |b SNK |d 2011-03-14 |i snkČSP 306/73 |l 0 |o snkČSB 1711/1971 D1 |p 17A0693827 |r 2026-02-21 19:56:45 |t č. 1-4 |w 2026-02-21 |y PREZ | ||
| 952 | |0 0 |1 0 |4 0 |7 0 |a SNK |b SNK |d 2011-03-14 |i snkČSP 2534/89 |l 0 |o snkČSB 1711/21/1988 D1 |p 17A0693904 |r 2026-02-21 19:56:45 |t č. 1-4 |w 2026-02-21 |y PREZ | ||
| 952 | |0 0 |1 0 |4 0 |7 0 |a SNK |b SNK |d 2011-03-14 |i snkČSP 994/82 |l 0 |o snkČSB 1711/14/1981 |p 17A0693903 |r 2026-02-21 19:56:45 |t č. 1-4 |w 2026-02-21 |y PREZ | ||
| 952 | |0 0 |1 0 |4 0 |7 0 |a SNK |b SNK |d 2011-03-14 |i snkČSP 45/78 |l 0 |o snkČSB 1711/10/1977 D1 |p 17A0693840 |r 2026-02-21 19:56:46 |t č. 1-4 |w 2026-02-21 |y PREZ | ||
| 952 | |0 0 |1 0 |4 0 |7 0 |a SNK |b SNK |d 2011-03-14 |i snkČSP 43/78 |l 0 |o snkČSB 1711/9/1976 D1 |p 17A0693834 |r 2026-02-21 19:56:46 |t č. 1-4 |w 2026-02-21 |y PREZ | ||
| 952 | |0 0 |1 0 |4 0 |7 0 |a SNK |b SNK |d 2011-03-14 |i snkČSP 1055/81 |l 0 |o snkČSB 1711/13/1980 D1 |p 17A0693839 |r 2026-02-21 19:56:46 |t č. 1-4 |w 2026-02-21 |y PREZ | ||
| 952 | |0 0 |1 0 |4 0 |7 0 |a SNK |b SNK |d 2011-03-14 |i snkČSP 3731/91 |l 0 |o snkČSB 1711/23/1990 D1 |p 17A0693861 |r 2026-02-21 20:07:43 |t č. 1-4 |w 2026-02-21 |y PREZ | ||
| 952 | |0 0 |1 0 |4 0 |7 0 |a SNK |b SNK |d 2000-06-16 |i snkČSP 2466/92 |l 0 |o snkČSB 1711/24/1991 |p 17A0243775 |r 2005-01-02 00:00:00 |t č. 1-4 |w 2026-02-21 |y PREZ | ||
| 952 | |0 0 |1 0 |4 0 |7 0 |a SNK |b SNK |d 1998-08-03 |i snkČSP 554/71 |l 0 |o snkČSB 1711/1969 |p 17A0150507 |r 2005-01-02 00:00:00 |t č. jar/leto-jeseň/zima, neúplné |w 2026-02-21 |y PREZ |z Chýba č. jeseň/zima | ||
| 952 | |0 0 |1 0 |4 0 |7 0 |a SNK |b SNK |d 2006-02-28 |i snkČSP 574/85 |l 0 |o snkČSB 1711/17/1984 D1 |p 17A0498652 |r 2026-02-21 20:21:46 |t č. 1-4 |w 2026-02-21 |y PREZ | ||
| 952 | |0 0 |1 0 |4 0 |7 0 |a SNK |b SNK |d 1997-09-04 |i snkČSP 689/69 |l 0 |o snkČSB 1711/1968 |p 17A0091311 |r 2005-01-02 00:00:00 |t č. zima-jeseň/zima |w 2026-02-21 |y PREZ | ||
| 952 | |0 0 |1 0 |4 0 |7 0 |a SNK |b SNK |d 2001-08-13 |i snkČSP 460/84 |l 0 |o snkČSB 1711/16/1983 |p 17A0309153 |r 2005-01-02 00:00:00 |t č. 1-4 |w 2026-02-21 |y PREZ | ||
| 952 | |0 0 |1 0 |4 0 |7 0 |a SNK |b SNK |d 1998-06-11 |i snkČSP 655/80 |l 0 |o snkČSB 1711/12/1979 |p 17A0143547 |r 2005-01-02 00:00:00 |t č. 1-4 |w 2026-02-21 |y PREZ | ||
| 952 | |0 0 |1 0 |4 0 |7 0 |a SNK |b SNK |d 2016-06-21 |i snkČSP 2091/86 |l 0 |o snkČSB 1711/18/1985 |p 17A0857701 |r 2026-02-21 21:47:07 |t č. 1-4 |w 2026-02-21 |y PREZ | ||
| 952 | |0 0 |1 0 |4 0 |7 0 |a SNK |b SNK |d 2016-06-21 |i snkČSP 2691/87 |l 0 |o snkČSB 1711/19/1986 |p 17A0857567 |r 2026-02-21 21:47:07 |t č. 1-4 |w 2026-02-21 |y PREZ | ||
| 952 | |0 0 |1 0 |4 0 |7 0 |a SNK |b SNK |d 2016-06-21 |i snkČSP 1825/88 |l 0 |o snkČSB 1711/20/1987 |p 17A0857596 |r 2026-02-21 21:47:07 |t č. 1-4 |w 2026-02-21 |y PREZ | ||
| 952 | |0 0 |1 0 |4 0 |7 0 |a SNK |b SNK |d 2016-06-21 |i snkČSP 2533/89 |l 0 |o snkČSB 1711/21/1988 |p 17A0857597 |r 2026-02-21 21:47:07 |t č. 1-4 |w 2026-02-21 |y PREZ | ||
| 952 | |0 0 |1 0 |4 0 |7 0 |a SNK |b SNK |d 2016-06-21 |i snkČSP 2801/90 |l 0 |o snkČSB 1711/22/1989 |p 17A0857598 |r 2026-02-21 21:47:07 |t č. 1-4 |w 2026-02-21 |y PREZ | ||
| 952 | |0 0 |1 0 |4 0 |7 0 |a SNK |b SNK |d 2016-06-21 |i snkČSP 571/98 |l 0 |o snkČSB 1711/28/1995/1 |p 17A0922557 |r 2026-02-21 21:47:07 |t č. 1-4 |w 2026-02-21 |y PREZ |z Zviazané s č. 5, ktoré má názov Línia pre pekné bývanie ; evidované pod sysnom 1467134 ; signatúra snkČSB 1711/28/1995/2 | ||
| 952 | |0 0 |1 0 |4 0 |7 0 |a SNK |b SNK |d 2016-06-20 |i snkČSP 555/71 |l 0 |o snkČSB 1711/1970 |p 17A0760827 |r 2026-02-21 21:47:25 |t č. jar-zima |w 2026-02-21 |y PREZ | ||
| 952 | |0 0 |1 0 |4 0 |7 0 |a SNK |b SNK |d 2016-06-20 |i snkČSP 394/72 |l 0 |o snkČSB 1711/1971 |p 17A0784642 |r 2026-02-21 21:47:25 |t č. 1-4 |w 2026-02-21 |y PREZ | ||
| 952 | |0 0 |1 0 |4 0 |7 0 |a SNK |b SNK |d 2016-06-20 |i snkČSP 307/73 |l 0 |o snkČSB 1711/1972 |p 17A0775354 |r 2026-02-21 21:47:25 |t č. 1-4 |w 2026-02-21 |y PREZ | ||
| 952 | |0 0 |1 0 |4 0 |7 0 |a SNK |b SNK |d 2016-06-20 |i snkČSP 760/74 |l 0 |o snkČSB 1711/1973 |p 17A0775355 |r 2026-02-21 21:47:25 |t č. 1-4 |w 2026-02-21 |y PREZ | ||
| 952 | |0 0 |1 0 |4 0 |7 0 |a SNK |b SNK |d 2016-06-20 |i snkČSP 100/75 |l 0 |o snkČSB 1711/7/1974 |p 17A0775356 |r 2026-02-21 21:47:25 |t č. 1-4 |w 2026-02-21 |y PREZ | ||
| 952 | |0 0 |1 0 |4 0 |7 0 |a SNK |b SNK |d 2016-06-20 |i snkČSP 438/76 |l 0 |o snkČSB 1711/1975 |p 17A0775357 |r 2026-02-21 21:47:25 |t č. 1-4 |w 2026-02-21 |y PREZ | ||
| 952 | |0 0 |1 0 |4 0 |7 0 |a SNK |b SNK |d 2016-06-20 |i snkČSP 42/78 |l 0 |o snkČSB 1711/9/1976 |p 17A0775358 |r 2026-02-21 21:47:25 |t č. 1-4 |w 2026-02-21 |y PREZ | ||
| 952 | |0 0 |1 0 |4 0 |7 0 |a SNK |b SNK |d 2016-06-20 |i snkČSP 44/78 |l 0 |o snkČSB 1711/10/1977 |p 17A0775359 |r 2026-02-21 21:47:25 |t č. 1-4 |w 2026-02-21 |y PREZ | ||
| 952 | |0 0 |1 0 |4 0 |7 0 |a SNK |b SNK |d 2016-06-20 |i snkČSP 583/78 |l 0 |o snkČSB 1711/11/1978 |p 17A0775360 |r 2026-02-21 21:47:25 |t č. 1-4 |w 2026-02-21 |y PREZ | ||
| 952 | |0 0 |1 0 |4 0 |7 0 |a SNK |b SNK |d 2016-06-20 |i snkČSP 1054/81 |l 0 |o snkČSB 1711/13/1980 |p 17A0775361 |r 2026-02-21 21:47:25 |t č. 1-4 |w 2026-02-21 |y PREZ | ||


